00763nam a22001697a 4500003000900000008004100009040007100050082002400121100002800145245006900173260002700242300004400269505021100313650002200524650003100546650001600577AR-CdUCM190222b ||||| |||| 00| 0 spa d aMUNICIPALIDAD PROVINCIAL DEL CUSCOcBIBLIOTECA MUNICIPAL DEL CUSCO 22 ed.a468.2 /bA22 aAda-Lafuente, Alma Flor aOir y narrar :bcurso de redacción y apreciación literaria / aLima : bArica,c1974. a255 páginas ;bIlustraciones,c22 cm. aContenido: Importancia de la letra escrita -- La escritura: auxiliar del razonamiento -- clases de redacción -- El dialogo -- Características deseables en toda redacción -- El empleo del lenguaje ...  aLengua española aComposición y ejercicios aRedacción